| 000 | 01793nam a2200517 i 4500 | ||
|---|---|---|---|
| 001 | 14426 | ||
| 003 | KOSZ 005 | ||
| 005 | 20200504121014.0 | ||
| 008 | 200430s1961 pl a f 000 0 pol | ||
| 015 | _aPB 1962/1239 | ||
| 035 | _a991042007649705066 | ||
| 035 | _a(PL-WaBN)b21242410-48omnis_nlop | ||
| 035 | _ab21242410 | ||
| 035 | _a(OCoLC)750890923 | ||
| 035 | _a(PL)b0000002124241 | ||
| 035 | _a(EXLNZ-48OMNIS_NETWORK)9910357503505606 | ||
| 040 |
_aWA N _cWA N _dKOSZ 005/RW |
||
| 046 | _k1961 | ||
| 080 | _a624 | ||
| 080 | _a(075.8) | ||
| 245 | 0 | 0 |
_aTeoria konstrukcji sprężonych. _n2 / _cautorzy Wacław Olszak [et al.]. |
| 260 |
_aWarszawa : _bPaństwowe Wydawnictwo Naukowe, _c1961. |
||
| 300 |
_aStrony [4], 693-1258, [2] karty tablic : _bilustracje, errata ; _c25 cm. |
||
| 336 |
_aTekst _btxt _2rdacontent |
||
| 337 |
_aBez urządzenia pośredniczącego _bn _2rdamedia |
||
| 338 |
_aWolumin _bnc _2rdacarrier |
||
| 380 | _aKsiążki | ||
| 380 | _aPublikacje fachowe | ||
| 380 | _aPublikacje dydaktyczne | ||
| 388 | _a1901-2000 | ||
| 388 | _a1945-1989 | ||
| 504 | _aBibliografia na stronach [1231]-1244. | ||
| 650 | 7 | _aBudownictwo | |
| 650 | 7 | _aProjektowanie | |
| 655 | 7 | _aPodręczniki akademickie | |
| 658 | _aArchitektura i budownictwo | ||
| 650 | 7 | _aKonstrukcje sprężone | |
| 700 | 1 |
_aOlszak, Wacław _d(1902-1980) _eAutor |
|
| 700 | 1 |
_aKaufman, Stefan _d(1894-1994) _eAutor |
|
| 700 | 1 |
_aEimer, Czesław _d(1922-1982) _eAutor |
|
| 700 | 1 |
_aBychawski, Zbigniew _eAutor |
|
| 710 | 2 |
_aPaństwowe Wydawnictwo Naukowe _4pbl. |
|
| 856 |
_uhttp://koha.tu.koszalin.pl/cgi-bin/koha/opac-detail.pl?biblionumber=14426 _yKatalog online BPK |
||
| 942 |
_2UKD _cKS |
||
| 999 |
_c14426 _d14426 |
||